000
00303nam a22001337a 4500
020
_a
0-471-53016-6
082
_a
660 LEV'C
100
_a
LEVENSPIEL, OCTAVE
_9
14265
245
_a
CHEMICAL REACTION ENGINEERING
250
_a
2ND
260
_a
NEWYORK
_b
JOHN WILEY
_c
1972
300
_a
578P
942
_c
BK
999
_c
583199
_d
583199